Manažérske hry

Bibliographic Details
Main Author: Kršáková, Zuzana (Author)
Format: Book
Language:Slovak
PhysicalDescription:83 s. tab. 29 cm
Published: Bratislava Ekonóm 2005
ISBN:802251957X
Edition:1. vyd.
Subjects:

MARC

LEADER 00000nam a2200000 a 4500
001 vtls008159418
003 SK-MaSNL
005 20260301183031.0
008 240314s2005 xo l d p 000 0 slo
015 |a SNBA2005/08-03107 
020 |a 802251957X  |q (brož.)  |c 59,00 Sk 
035 |a 5B50660C-25D5-4324-81AF-917B389C4D6C 
035 |a urn:nbn:sk:snk-amkv5e 
035 |a urn:nbn:sk:snk-am004cbt 
040 |a SNK  |b slo  |c SNK  |e AACR2 
041 0 |a slo 
044 |a xo 
072 7 |a 005  |x Manažment. Riadenie  |2 konspekt 
080 |a 005:371.382  |2 1997 
080 |a 371.3  |2 1997 
080 |a (075.8)  |2 1997 
080 |a 005  |2 1997 
100 1 |a Kršáková, Zuzana  |4 aut  |9 10099 
245 1 0 |a Manažérske hry  |c Zuzana Kršáková 
250 |a 1. vyd. 
260 |a Bratislava  |b Ekonóm  |c 2005 
300 |a 83 s.  |b tab.  |c 29 cm 
504 |a Bibliogr. s. 83 
506 |a 100 výtl. 
650 0 7 |a manažment  |2 SNKPH  |9 922 
650 0 7 |a manažérske hry  |2 SNKPH  |9 67184 
650 0 7 |a štúdium a výučba  |2 SNKPH  |9 3982 
655 7 |a učebnice vysokých škôl  |2 SNKPH  |9 70191 
919 |a 80-225-1957-X 
968 |d 0 
999 |c 855642  |d 857572 
952 |a SNK  |b SNK  |y PREZ  |7 0  |p 17A0472362  |o snkSB 70554  |i snk2005/10009  |8 0  |0 0  |1 0  |4 0  |d 2005-06-09  |l 0  |r 2025-04-22 00:00:00  |w 2026-02-24 
952 |a SNK  |b SNK  |y VYP  |7 0  |p 17A0472357  |o snkSB 70554 D1  |i snk2005/10010  |8 0  |0 0  |1 0  |4 0  |d 2005-06-09  |f 1  |l 0  |r 2016-06-30 00:00:00  |w 2026-02-24